De pelí­cula [juego] /

Guardado en:
Formato: Objeto Físico
Publicado: Argentina : Toyco, [200?]
Materias:
Etiquetas: Agregar Etiqueta
Sin Etiquetas, Sea el primero en etiquetar este registro!
LEADER 00881nrm a22001575g 4500
001 CEM.cems019215
008 130507b200?##################0###0#####d
005 20220830092754.0
003 CEMS
245 0 0 |a De pelí­cula [juego] /  |c Toyco. 
260 |a Argentina :  |b Toyco,  |c [200?] 
300 |a 1 juego (1 tablero, 2 estatuillas Oscar, 1 reloj de arena, 1 dado, 12 peones-2 de cada color, 256 tarjetas-1280 pelí­culas de 5 temas diferentes) ; en caja 37 x 28 x 5 cm. + manual de instrucciones. 
500 |a Para 2 a 6 equipos de jugadores a partir de 12 años objetivo: combinar cultura cinematográfica y destreza de hacerce entender mímicamente. alcanzar el estrellato consiguiendo la estatuilla Oscar al mejor director, luego se vota por el mejor actor/iz. 
082 0 4 |a J793.24 
653 |a 1. juegos de entretenimiento general 
859 |a CEMS  |b BIB. CEMS - Ludoteca  |h J793.24  |i T668  |p 285.03  |t Ej.1